000 00368nam a22001457a 4500
003 OSt
005 20160727222454.0
008 160705b xxu||||| |||| 00| 0 eng d
040 _cTEST
100 _92117
_a1979
245 _a60 One Minute Family Builders
260 _aTennessee
_b Wolgemush & Hyatt
_c1989
300 _a60 One Minute Family Builders
942 _2ddc
_cBK
999 _c1812
_d1812